Archival information : (Record no. 163445)

MARC details
000 -LEADER
fixed length control field 00734nam a2200241 a 4500
008 - FIXED-LENGTH DATA ELEMENTS--GENERAL INFORMATION
fixed length control field
020 ## - INTERNATIONAL STANDARD BOOK NUMBER
International Standard Book Number 1573563897 (hbk. )
049 ## - LOCAL HOLDINGS (OCLC)
Holding library MAIN
090 ## - LOCALLY ASSIGNED LC-TYPE CALL NUMBER (OCLC); LOCAL CALL NUMBER (RLIN)
Classification number (OCLC) (R) ; Classification number, CALL (RLIN) (NR) CD3021
Local cutter number (OCLC) ; Book number/undivided call number, CALL (RLIN) ARC
003 - CONTROL NUMBER IDENTIFIER
control field
005 - DATE AND TIME OF LATEST TRANSACTION
control field 20230123134309.0
040 ## - CATALOGING SOURCE
Transcribing agency NUST
245 10 - TITLE STATEMENT
Title Archival information :
Remainder of title how to find it, how to use it /
Statement of responsibility, etc. edited by Steven Fisher.
260 ## - PUBLICATION, DISTRIBUTION, ETC.
Place of publication, distribution, etc. Westport :
Name of publisher, distributor, etc. Greenwood Press,
Date of publication, distribution, etc. 2004.
300 ## - PHYSICAL DESCRIPTION
Extent xii, 180 p. ;
Dimensions 29 cm.
490 ## - SERIES STATEMENT
Series statement How to find it, how to use it
500 ## - GENERAL NOTE
General note Includes index.
504 ## - BIBLIOGRAPHY, ETC. NOTE
Bibliography, etc. note Includes bibliographical references.
650 #1 - SUBJECT ADDED ENTRY--TOPICAL TERM
Topical term or geographic name entry element Archives
Geographic subdivision United States.
700 ## - ADDED ENTRY--PERSONAL NAME
Personal name Fisher, Steven.
907 ## - LOCAL DATA ELEMENT G, LDG (RLIN)
a .b10221542
b 30-09-13
c 30-11-06
942 ## - ADDED ENTRY ELEMENTS (KOHA)
Koha item type Ordinary Loan Books
Call number prefix CD3021
Call number suffix ARC
Holdings
Date last seen Total Checkouts Full call number Barcode Cost, replacement price Price effective from Koha item type Lost status Source of classification or shelving scheme Damaged status Not for loan Collection Withdrawn status Home library Current library Shelving location Date acquired Cost, normal purchase price
01/23/2023 35 CD3021 ARC 92004004927 80.00 01/23/2023 BOOKS   LCC     NFIC   MAIN MAIN GEN 01/23/2023 80.00